| 000 | 01238nam a22002657a 4500 | ||
|---|---|---|---|
| 005 | 20170124103026.0 | ||
| 010 | _aA-458313 | ||
| 020 |
_c75.00 _a817055215 |
||
| 035 | _aA-458313 | ||
| 037 | _bCen Lib/Ret | ||
| 040 |
_aDPL _bHN |
||
| 082 |
_aउ _bविश्वना |
||
| 100 |
_aविश्वनाथ सत्यनारायण _943912 |
||
| 245 |
_aविष्णु शर्मा की अंग्रेजी पढाई / _cसत्यनारायण विश्वनाथ; अनुवादक सी.एच. रामुलु |
||
| 246 |
_aVishnusharma ki angreji padhai / _bby Vishwanath Satyanarayn; anuvadak C.H. Ramulu |
||
| 260 |
_aनयी दिल्ली _bवाणी प्रकाशन _c1990 |
||
| 270 |
_bनयी दिल्ली _a4697/5, 21ए , अंसारी मार्ग दरिया गंज _e110002 |
||
| 300 |
_a160पृ. _c17सेमी(सजिल्द) |
||
| 650 |
_aबंगला साहित्य _962261 |
||
| 650 |
_aउपन्यास _962262 |
||
| 650 |
_aBangla literature _962263 |
||
| 650 |
_aFiction _98901 |
||
| 700 |
_aरामुलु, सी.एच. _962264 |
||
| 942 |
_2ddc _cHN _hउ _mविश्वना |
||
| 999 |
_c115612 _d115612 |
||